000 02177nam2a2200385 4500
001 RU\NLR\PER_A\002883854_000330
005 20260406025408.0
010 _a978-5-89282-760-7
_9500
035 _a(NLR Aleph) 011685117
090 _a11308060
_c11308060
100 _a20180419d2017 |||y0rusy50 ca
101 0 _arus
102 _aRU
200 1 _aПалладиум российского китаеведения: жизнь и труды архимандрита П. И. Кафарова
_d巴拉第皕周年
_e(к 200-летию со дня рождения)
_fА. М. Куликов
_zchi
210 _d2017
_aБ. м.
215 _a289 с.
_cил., портр.
_d22
320 _aБиблиогр. в подстроч. примеч.
320 _aБиблиогр.: с.241-289
461 0 _1001RU\NLR\Per\633889
_12001#$aУченые записки Отдела Китая$fРос. акад. наук, Ин-т востоковедения$vВып. 26
_93302063
_aИнститут востоковедения (Москва). Отдел Китая
_cМосква
_d2009 -
_fРос. акад. наук, Ин-т востоковедения
_nВосточная литература
_tУченые записки Отдела Китая
_x2227-3816
_vВып. 26
600 0 _aПалладий
_cКафаров, Петр Иванович
_cархимандрит
_f1817 - 1878
_92365014
_3RU\NLR\AUTH\6601634142
601 0 2 _aРусская духовная миссия в Китае
_92437047
_3RU\NLR\AUTH\661450109
686 1 _aТ1(2)51-8
686 2 _aЭ372.24-35-028
686 2 _aЭ372.24-683.78
700 1 _7ca
_8rus
_aКуликов
_bА. М.
_cканд. ист. наук, филолог
_f1987-
_gАндрей Михайлович
_9173246
_3RU\NLR\AUTH\770173297
702 0 _4570
_8rus
_7ca
_aПалладий
_cКафаров, Петр Иванович
_cархимандрит
_f1817-1878
_3RU\NLR\AUTH\77127050
_9109974
852 _aNLR
_jП22/8986
852 _aNLR
_bОЛСАА-кит.
_j3-5154
942 _cISSUE
980 _aNB
980 1 _aCHIN
980 _aRUSPER